header

Design and analysis of composite structures (Record no. 83908)

MARC details
000 -LEADER
fixed length control field 01227nam a2200301Ia 4500
082 04 - DEWEY DECIMAL CLASSIFICATION NUMBER
Classification number 624.1/8
100 1# - MAIN ENTRY--AUTHOR NAME
Personal name Kasapoglou, Christos.
245 10 - TITLE STATEMENT
Title Design and analysis of composite structures
260 ## - PUBLICATION, DISTRIBUTION, ETC. (IMPRINT)
Place of publication Chichester, West Sussex, U.K. ;
-- Hoboken, NJ :
Name of publisher Wiley,
Year of publication 2010.
300 ## - PHYSICAL DESCRIPTION
Number of Pages xiv, 300 p. :
Other physical details ill.
650 #0 - SUBJECT ADDED ENTRY--TOPICAL TERM
Topical Term Composite construction.
Topical Term Structural engineering.
856 40 - ELECTRONIC LOCATION AND ACCESS
Uniform Resource Identifier http://site.ebrary.com/lib/rucke/Doc?id=10419455

No items available.

© 2026 Rongo University
Contact us: librarian | system librarian | Rongo university